|
|
|
|
| LEADER |
00786nam a22002172a 4500 |
| 001 |
001428707 |
| 003 |
CZ BrMZK |
| 005 |
20150107130751.0 |
| 007 |
ta |
| 008 |
141015s1933 gw er|||||||||||ger d |
| 040 |
|
|
|a BOA001
|b cze
|
| 100 |
1 |
|
|a Jensen, Karl Detlef
|4 dis
|
| 245 |
1 |
4 |
|a Das Eiderstedter Alluvium :
|b unter besonderer Berücksichtigung der Entwicklungsgeschichte der schlesisch-holsteinischen Westküste /
|c Karl Detlef Jensen
|
| 260 |
|
|
|a Berlin :
|b K.D. Jensen,
|c 1933
|
| 300 |
|
|
|a 126 s.
|
| 502 |
|
|
|a Disertace--Humboldt-Universität zu Berlin, 1933
|
| 710 |
2 |
|
|a Humboldt-Universität zu Berlin
|7 kn20010710493
|
| 910 |
|
|
|a BOA001
|b 2-0362.042
|
| 990 |
|
|
|a BK
|
| 991 |
|
|
|b 201410
|
| 996 |
7 |
|
|b 2618930249
|c 2-0362.042
|l MZK
|r Sklad / do 24 hodin
|n 0
|w 001463627
|u 000010
|a 1
|e BOA001
|j MZK50
|s A
|